[Event "Lazy op 12th"]
[Site "Lazy"]
[Date "2016.07.04"]
[Round "8"]
[White "Dombrowski, Bartosz"]
[Black "Frej, Zofia"]
[Result "1/2-1/2"]
[WhiteElo "1913"]
[BlackElo "1929"]
[PlyCount "36"]
[EventDate "2016.06.26"]
[EventType "swiss"]
[EventRounds "9"]
[EventCountry "POL"]
[SourceTitle "CBM 173 Extra"]
[Source "ChessBase"]
[SourceDate "2016.08.29"]
[SourceVersion "1"]
[SourceVersionDate "2016.08.29"]
[SourceQuality "1"]

1. e4 e6 2. d4 d5 3. Nc3 dxe4 4. Nxe4 Nd7 5. Nf3 Ngf6 6. Nxf6+ Nxf6 7. Bg5 c5 8. Bb5+ Bd7 9. Bxd7+ Qxd7 10. 0-0 cxd4 11. Bxf6 gxf6 12. Nxd4 0-0-0 13. c3 Rg8 14. Qf3 Qd5 15. Rfd1 Qxf3 16. Nxf3 Bc5 17. Kf1 Kc7 18. h3 h5 1/2-1/2

[Event "Ogolnopolski-ch 55th"]
[Site "Zamosc"]
[Date "2013.??.??"]
[Round "1.30"]
[White "Dombrowski, Bartosz"]
[Black "Dulinski, Jacek"]
[Result "1-0"]
[WhiteElo "1943"]
[BlackElo "2155"]
[PlyCount "101"]
[EventDate "2013.06.07"]
[EventType "swiss"]
[EventRounds "9"]
[EventCountry "POL"]
[SourceTitle "EXT 2014"]
[Source "ChessBase"]
[SourceDate "2013.11.20"]
[SourceVersion "1"]
[SourceVersionDate "2013.11.20"]
[SourceQuality "1"]

1. e4 d5 2. exd5 Qxd5 3. Nc3 Qa5 4. d4 Nf6 5. Bc4 e6 6. Nf3 c6 7. Bd2 Qc7 8. a4 Nbd7 9. 0-0 Bd6 10. a5 Rb8 11. Qe2 0-0 12. Rfe1 b5 13. axb6 axb6 14. h3 b5 15. Bd3 b4 16. Ne4 Nxe4 17. Qxe4 Nf6 18. Qh4 Qd8 19. Ne5 Bb7 20. Bg5 h5 21. Bxf6 Qxf6 22. Qxf6 gxf6 23. Nd7 Rfd8 24. Nxb8 Bxb8 25. c3 e5 26. Ba6 Bxa6 27. Rxa6 exd4 28. cxd4 Kg7 29. Rd1 c5 30. d5 Be5 31. b3 Kg6 32. Kf1 Kf5 33. Ke2 Bd4 34. d6 Ke4 35. f3+ Kd5 36. Kd3 h4 37. Re1 Be5 38. Re4 Bxd6 39. Rxh4 Be5 40. Rh5 c4+ 41. bxc4+ Kc5+ 42. Kc2 Kxc4 43. Rc6+ Kd4 44. Rh4+ Ke3 45. Re4+ Kf2 46. Rxb4 Kxg2 47. f4 Bd4 48. Rb3 Rd5 49. Rd3 Rc5+ 50. Rxc5 Bxc5 51. h4 1-0

[Event "Ogolnopolski-ch 55th"]
[Site "Zamosc"]
[Date "2013.??.??"]
[Round "7.26"]
[White "Gawiec, Konrad"]
[Black "Dombrowski, Bartosz"]
[Result "1/2-1/2"]
[WhiteElo "1929"]
[BlackElo "1943"]
[PlyCount "78"]
[EventDate "2013.06.07"]
[EventType "swiss"]
[EventRounds "9"]
[EventCountry "POL"]
[SourceTitle "EXT 2014"]
[Source "ChessBase"]
[SourceDate "2013.11.20"]
[SourceVersion "1"]
[SourceVersionDate "2013.11.20"]
[SourceQuality "1"]

1. e4 Nf6 2. d3 e5 3. g3 d5 4. Nd2 Bc5 5. h3 0-0 6. Bg2 Nc6 7. Ngf3 Re8 8. 0-0 Nd4 9. c3 Nxf3+ 10. Qxf3 Be6 11. Nb3 Bb6 12. Bg5 dxe4 13. dxe4 a5 14. Bxf6 Qxf6 15. Qxf6 gxf6 16. Nd2 a4 17. Rfe1 Rad8 18. Nf3 Rd3 19. a3 Bxh3 20. Bxh3 Rxf3 21. Re2 Rxg3+ 22. Kh2 Rd3 23. Bf5 h6 24. Rg1+ Kh8 25. Rg3 Red8 26. Rxd3 Rxd3 27. Bc8 Rf3 28. Kg2 Rf4 29. Kg3 h5 30. f3 h4+ 31. Kg2 Kg7 32. Bxb7 f5 33. exf5 Rxf5 34. Kh3 Kf6 35. Kxh4 c5 36. Be4 Rf4+ 37. Kg3 Kg5 38. Rh2 f6 39. Rh1 Bc7 1/2-1/2

[Event "Ogolnopolski-ch 55th"]
[Site "Zamosc"]
[Date "2013.??.??"]
[Round "2.34"]
[White "Laszewicz, Pawel"]
[Black "Dombrowski, Bartosz"]
[Result "1-0"]
[WhiteElo "2165"]
[BlackElo "1943"]
[PlyCount "58"]
[EventDate "2013.06.07"]
[EventType "swiss"]
[EventRounds "9"]
[EventCountry "POL"]
[SourceTitle "EXT 2014"]
[Source "ChessBase"]
[SourceDate "2013.11.20"]
[SourceVersion "1"]
[SourceVersionDate "2013.11.20"]
[SourceQuality "1"]

1. d4 Nf6 2. c4 e6 3. Nc3 d5 4. Bg5 Nbd7 5. Nf3 c6 6. cxd5 exd5 7. e3 Qa5 8. Bd3 Ne4 9. 0-0 Nxc3 10. Qd2 Bb4 11. a3 Ne4 12. Qxb4 Qxb4 13. axb4 Nxg5 14. Nxg5 h6 15. Nf3 0-0 16. Rfc1 Nf6 17. b5 Bd7 18. Ne5 Rfb8 19. Nxd7 Nxd7 20. bxc6 bxc6 21. Rxc6 Rxb2 22. Rd6 Nb6 23. Rxa7 Rc8 24. Ra1 g6 25. g3 Rc3 26. Rd8+ Kg7 27. Rb1 Rbb3 28. Rb8 Nc4 29. R8xb3 Rxb3 1-0

[Event "Gdansk op"]
[Site "Gdansk"]
[Date "2008.07.26"]
[Round "8"]
[White "Bugalski, Michal"]
[Black "Dombrowski, Bartosz"]
[Result "1-0"]
[WhiteElo "2279"]
[BlackElo "1977"]
[PlyCount "64"]
[EventDate "2008.07.19"]
[EventType "swiss"]
[EventRounds "9"]
[EventCountry "POL"]
[SourceTitle "EXT 2009"]
[Source "ChessBase"]
[SourceDate "2008.11.26"]
[SourceVersion "1"]
[SourceVersionDate "2008.11.26"]
[SourceQuality "1"]

1. d4 Nf6 2. c4 e6 3. Nf3 d5 4. g3 Be7 5. Bg2 0-0 6. 0-0 dxc4 7. Qc2 a6 8. Qxc4 b5 9. Qc2 Bb7 10. Bd2 Be4 11. Qb3 Bd5 12. Qc2 Be4 13. Qb3 Bd5 14. Qe3 Nbd7 15. Ba5 Ra7 16. Rc1 Bd6 17. Nbd2 Qe7 18. Nb3 Ba8 19. d5 Nb6 20. dxe6 Nfd5 21. exf7+ Qxf7 22. Qd4 c5 23. Nxc5 Nc4 24. Ne4 Bb8 25. Be1 Re7 26. b3 Ba7 27. Nc5 Rc8 28. bxc4 Rxc5 29. Qd3 bxc4 30. Rxc4 Ne3 31. Rxc5 Bxc5 32. Ng5 Qf5 1-0

[Event "Gdansk op"]
[Site "Gdansk"]
[Date "2008.07.24"]
[Round "7"]
[White "Dombrowski, Bartosz"]
[Black "Korosciel, Aneta"]
[Result "0-1"]
[WhiteElo "1977"]
[BlackElo "2067"]
[PlyCount "82"]
[EventDate "2008.07.19"]
[EventType "swiss"]
[EventRounds "9"]
[EventCountry "POL"]
[SourceTitle "EXT 2009"]
[Source "ChessBase"]
[SourceDate "2008.11.26"]
[SourceVersion "1"]
[SourceVersionDate "2008.11.26"]
[SourceQuality "1"]

1. e4 c5 2. Nf3 e6 3. d4 cxd4 4. Nxd4 a6 5. Nc3 Nc6 6. Be3 Nge7 7. Nb3 Ng6 8. Bd3 Be7 9. 0-0 b5 10. a4 b4 11. Ne2 0-0 12. a5 d6 13. f4 Bb7 14. Ng3 Bf6 15. Qc1 Re8 16. Rd1 Qe7 17. Nh5 Nf8 18. Bd2 Nd7 19. c3 bxc3 20. Nxf6+ Nxf6 21. Bxc3 e5 22. f5 Rac8 23. Bc2 Nd4 24. Nxd4 exd4 25. Rxd4 Bxe4 26. Ba4 Red8 27. Qf1 Rc5 28. Re1 Qb7 29. Rb4 Qa7 30. Qf2 Bxf5 31. Bd4 Bg6 32. Rc4 Rdc8 33. Bxc5 dxc5 34. b4 Qb8 35. Qg3 Qa8 36. Qf3 Qb8 37. Rxc5 Rxc5 38. bxc5 h5 39. Qc3 Qf4 40. Bd1 Ne4 41. Bf3 Nxc3 0-1

[Event "Gdansk op"]
[Site "Gdansk"]
[Date "2008.07.22"]
[Round "4"]
[White "Marszk, Kazimierz"]
[Black "Dombrowski, Bartosz"]
[Result "1-0"]
[WhiteElo "2102"]
[BlackElo "1977"]
[PlyCount "87"]
[EventDate "2008.07.19"]
[EventType "swiss"]
[EventRounds "9"]
[EventCountry "POL"]
[SourceTitle "EXT 2009"]
[Source "ChessBase"]
[SourceDate "2008.11.26"]
[SourceVersion "1"]
[SourceVersionDate "2008.11.26"]
[SourceQuality "1"]

1. e4 c5 2. Nf3 d6 3. d4 cxd4 4. Nxd4 Nf6 5. Nc3 a6 6. Be2 e5 7. Nf3 Be7 8. 0-0 0-0 9. Bg5 Nbd7 10. h3 h6 11. Bh4 Qc7 12. Nh2 b5 13. Ng4 Bb7 14. a3 Rfe8 15. Bxf6 Bxf6 16. Nxf6+ Nxf6 17. Qd3 Rad8 18. Bf3 Bc6 19. Rad1 Qb7 20. Rfe1 Re7 21. Qe3 a5 22. b4 axb4 23. axb4 Red7 24. Bg4 Re7 25. Rd2 g6 26. Bf3 Kg7 27. Ra1 Ne8 28. Nd5 Bxd5 29. Rxd5 Nc7 30. Rd3 Ne6 31. Rda3 Nd4 32. Bd1 d5 33. c3 Nc6 34. exd5 Rxd5 35. Bf3 e4 36. Bxe4 Qd7 37. Qf3 Ne5 38. Qf4 Rd1+ 39. Rxd1 Qxd1+ 40. Kh2 Nc4 41. Bf3 Qf1 42. Qd4+ Kh7 43. Ra8 Qe1 44. Qh8# 1-0

[Event "Tczew-ch"]
[Site "Tczew"]
[Date "2007.11.21"]
[Round "8.6"]
[White "Bodio, Leszek"]
[Black "Dombrowski, Bartosz"]
[Result "0-1"]
[WhiteElo "2000"]
[BlackElo "1970"]
[PlyCount "72"]
[EventDate "2007.10.02"]
[EventType "swiss"]
[EventRounds "9"]
[EventCountry "POL"]
[SourceTitle "EXT 2023"]
[Source "ChessBase"]
[SourceDate "2022.10.05"]
[SourceVersion "1"]
[SourceVersionDate "2022.10.05"]
[SourceQuality "1"]

1. Nf3 Nf6 2. d4 g6 3. c4 Bg7 4. Nc3 0-0 5. e4 d6 6. Be2 e5 7. dxe5 dxe5 8. Qxd8 Rxd8 9. Bg5 Re8 10. Rd1 Na6 11. 0-0 Nc5 12. Bxf6 Bxf6 13. Rd5 Ne6 14. Rd2 c6 15. Rfd1 Nd4 16. h3 Bg7 17. g4 f5 18. exf5 gxf5 19. Nxd4 exd4 20. Rxd4 Bxd4 21. Rxd4 Be6 22. Kf1 Rad8 23. Rf4 fxg4 24. hxg4 Kg7 25. b3 Bf7 26. Ne4 Rd4 27. f3 Bg6 28. Kf2 Bxe4 29. fxe4 Rdxe4 30. Rxe4 Rxe4 31. Kf3 Re5 32. Bd3 Re1 33. a4 Rc1 34. b4 Ra1 35. a5 Ra4 36. b5 Rxa5 0-1

[Event "Tczew-ch"]
[Site "Tczew"]
[Date "2007.11.21"]
[Round "7.6"]
[White "Krzywkowski, Marcin"]
[Black "Dombrowski, Bartosz"]
[Result "0-1"]
[WhiteElo "1874"]
[BlackElo "1970"]
[PlyCount "68"]
[EventDate "2007.10.02"]
[EventType "swiss"]
[EventRounds "9"]
[EventCountry "POL"]
[SourceTitle "EXT 2023"]
[Source "ChessBase"]
[SourceDate "2022.10.05"]
[SourceVersion "1"]
[SourceVersionDate "2022.10.05"]
[SourceQuality "1"]

1. e4 c5 2. Nf3 d6 3. d4 cxd4 4. Nxd4 Nf6 5. Nc3 a6 6. Bg5 e6 7. f4 Be7 8. Qf3 Qc7 9. 0-0-0 Nbd7 10. g4 b5 11. Bxf6 Nxf6 12. g5 Nd7 13. f5 Nc5 14. f6 gxf6 15. gxf6 Bf8 16. Bh3 b4 17. Nd5 exd5 18. exd5 Bxh3 19. Rhe1+ Kd8 20. Nc6+ Kc8 21. Qxh3+ Kb7 22. Nxb4 Rg8 23. Nc6 a5 24. Kb1 Rg6 25. Qc3 h5 26. Ka1 Qb6 27. Rb1 Rg4 28. b4 axb4 29. Nxb4 Na4 30. Qh3 Qd4+ 31. c3 Nxc3 32. Nc6+ Kc7 33. Rb2 Nxa2 34. Nb4 Nc3+ 0-1

[Event "Tczew-ch"]
[Site "Tczew"]
[Date "2007.11.07"]
[Round "6.2"]
[White "Dombrowski, Bartosz"]
[Black "Les, Czeslaw"]
[Result "1-0"]
[WhiteElo "1970"]
[BlackElo "1905"]
[PlyCount "45"]
[EventDate "2007.10.02"]
[EventType "swiss"]
[EventRounds "9"]
[EventCountry "POL"]
[SourceTitle "EXT 2023"]
[Source "ChessBase"]
[SourceDate "2022.10.05"]
[SourceVersion "1"]
[SourceVersionDate "2022.10.05"]
[SourceQuality "1"]

1. e4 e6 2. d4 d5 3. Nc3 Nf6 4. Bg5 Be7 5. e5 Nfd7 6. h4 a6 7. Qg4 f5 8. Qh5+ g6 9. Qh6 Bxg5 10. hxg5 Kf7 11. g4 Qf8 12. gxf5 exf5 13. Nxd5 Qd8 14. Bc4 Nf8 15. Nxc7+ Be6 16. Nxe6 Nxe6 17. 0-0-0 b5 18. Bxe6+ Kxe6 19. Qg7 Qxg5+ 20. Kb1 Rd8 21. Nf3 Qe7 22. d5+ Rxd5 23. Qg8+ 1-0

[Event "Tczew-ch"]
[Site "Tczew"]
[Date "2007.11.07"]
[Round "4.8"]
[White "Ryszkowski, Radoslaw"]
[Black "Dombrowski, Bartosz"]
[Result "1/2-1/2"]
[WhiteElo "1600"]
[BlackElo "1970"]
[PlyCount "93"]
[EventDate "2007.10.02"]
[EventType "swiss"]
[EventRounds "9"]
[EventCountry "POL"]
[SourceTitle "EXT 2023"]
[Source "ChessBase"]
[SourceDate "2022.10.05"]
[SourceVersion "1"]
[SourceVersionDate "2022.10.05"]
[SourceQuality "1"]

1. e4 c5 2. Nf3 d6 3. c4 Nc6 4. d4 cxd4 5. Nxd4 Qb6 6. Nb3 Nf6 7. Nc3 Be6 8. Be3 Qc7 9. f3 g6 10. Be2 Rc8 11. Nb5 Qb8 12. Rc1 Bg7 13. 0-0 0-0 14. Qd2 Rfd8 15. Rfd1 b6 16. N3d4 Bd7 17. Nxc6 Bxc6 18. Nd4 Bb7 19. b3 a6 20. Bh6 Bh8 21. Qg5 Rc5 22. Nf5 Qc7 23. Qd2 Bxe4 24. fxe4 Nxe4 25. Nxe7+ Qxe7 26. Qe3 Bb2 27. Rc2 Be5 28. b4 Rc6 29. Bf3 f5 30. Bxe4 fxe4 31. Bg5 Bf6 32. Bxf6 Qxf6 33. Qxe4 Rdc8 34. Qd5+ Qf7 35. Qxf7+ Kxf7 36. Rf1+ Kg7 37. Rfc1 d5 38. c5 d4 39. cxb6 Rxc2 40. Rxc2 Rxc2 41. b7 d3 42. b8Q d2 43. Qa7+ Kh6 44. Qe3+ Kg7 45. Qe7+ Kg8 46. Qe8+ Kg7 47. Qe7+ 1/2-1/2

[Event "Rewal op-A 12th"]
[Site "Rewal"]
[Date "2007.08.28"]
[Round "8"]
[White "Organisciak, Wojciech"]
[Black "Dombrowski, Bartosz"]
[Result "1-0"]
[WhiteElo "2095"]
[BlackElo "1942"]
[PlyCount "75"]
[EventDate "2007.08.20"]
[EventType "swiss"]
[EventRounds "9"]
[EventCountry "POL"]
[SourceTitle "CBM 120 Extra"]
[Source "ChessBase"]
[SourceDate "2007.11.01"]
[SourceVersion "1"]
[SourceVersionDate "2007.11.01"]
[SourceQuality "1"]

1. e4 c5 2. Nf3 d6 3. c3 Nf6 4. Be2 Nc6 5. d4 cxd4 6. cxd4 Nxe4 7. d5 Qa5+ 8. Nc3 Nxc3 9. bxc3 Ne5 10. Nxe5 dxe5 11. 0-0 Bd7 12. Qb3 Rb8 13. Re1 g6 14. Ba3 Bg7 15. Bb4 Qd8 16. Qa3 a6 17. Rad1 Ra8 18. c4 a5 19. Bc5 b6 20. Be3 0-0 21. Rb1 Rb8 22. Rb3 f5 23. Reb1 Rf6 24. c5 f4 25. Bd2 Bf5 26. Rc1 Be4 27. cxb6 Rfxb6 28. Rxb6 Qxb6 29. Qxe7 Bf6 30. Qd7 Qd8 31. Qe6+ Kg7 32. d6 Rb2 33. Rc7+ Kh6 34. Qh3+ Kg5 35. Bxf4+ exf4 36. Rc5+ Bf5 37. Rxf5+ gxf5 38. Qh5# 1-0

[Event "Rewal op-A 12th"]
[Site "Rewal"]
[Date "2007.08.22"]
[Round "2"]
[White "Dombrowski, Bartosz"]
[Black "Gluszko, Tomasz"]
[Result "0-1"]
[WhiteElo "1942"]
[BlackElo "2119"]
[PlyCount "88"]
[EventDate "2007.08.20"]
[EventType "swiss"]
[EventRounds "9"]
[EventCountry "POL"]
[SourceTitle "CBM 120 Extra"]
[Source "ChessBase"]
[SourceDate "2007.11.01"]
[SourceVersion "1"]
[SourceVersionDate "2007.11.01"]
[SourceQuality "1"]

1. e4 c5 2. Nf3 e6 3. d4 cxd4 4. Nxd4 Nf6 5. Nc3 Nc6 6. Ndb5 Bb4 7. a3 Bxc3+ 8. Nxc3 d5 9. exd5 exd5 10. Bd3 d4 11. Ne2 0-0 12. 0-0 Re8 13. Bb5 Re5 14. Bxc6 bxc6 15. Qxd4 Qe7 16. Ng3 Ba6 17. c4 Rd8 18. Qc3 Ne4 19. Nxe4 Rxe4 20. b3 Re8 21. Bd2 f5 22. Rfe1 Qd6 23. Be3 Qe7 24. Rad1 Bb7 25. Kf1 c5 26. Bf4 Rxe1+ 27. Rxe1 Qxe1+ 28. Qxe1 Bxg2+ 29. Kxg2 Rxe1 30. Bd6 Rb1 31. b4 cxb4 32. axb4 Rc1 33. c5 a6 34. Bc7 Kf7 35. Kf3 Ke6 36. Ke3 Kd5 37. Kd2 Rb1 38. Ba5 Ra1 39. Bd8 Ra2+ 40. Ke3 Ra4 41. Ba5 g5 42. Kd3 Ra3+ 43. Ke2 Rxa5 44. bxa5 Kxc5 0-1

[Event "Gdansk-ch"]
[Site "Gdansk"]
[Date "2007.07.24"]
[Round "4"]
[White "Kapica, Pawel"]
[Black "Dombrowski, Bartosz"]
[Result "0-1"]
[WhiteElo "1765"]
[BlackElo "1942"]
[PlyCount "70"]
[EventDate "2007.07.22"]
[EventType "swiss"]
[EventRounds "9"]
[EventCountry "POL"]
[SourceTitle "CBM 119 Extra"]
[Source "ChessBase"]
[SourceDate "2007.09.04"]
[SourceVersion "1"]
[SourceVersionDate "2007.09.04"]
[SourceQuality "1"]

1. d4 Nf6 2. Nf3 g6 3. c4 Bg7 4. Nc3 0-0 5. e4 d6 6. h3 e5 7. Bd3 Nbd7 8. 0-0 Nh5 9. d5 Nf4 10. b4 a5 11. Ne2 Nxd3 12. Qxd3 axb4 13. Bd2 Nc5 14. Qc2 f5 15. Ng3 fxe4 16. Ng5 Bf5 17. N5xe4 Qe8 18. Bxb4 Na6 19. Bd2 h6 20. Rab1 b6 21. a4 Nc5 22. Nxf5 gxf5 23. Nxc5 dxc5 24. Rb5 Qg6 25. a5 bxa5 26. Rxc5 Rf7 27. Bxa5 e4 28. Bxc7 f4 29. Rc6 Qf5 30. d6 f3 31. g4 Qg6 32. Re1 Rf4 33. Qd2 Rxg4+ 34. Kh1 Rg1+ 35. Rxg1 Ra1 0-1

[Event "Gdansk-ch"]
[Site "Gdansk"]
[Date "2007.07.22"]
[Round "1"]
[White "Dombrowski, Bartosz"]
[Black "Cichocki, Adam"]
[Result "0-1"]
[WhiteElo "1942"]
[BlackElo "2349"]
[PlyCount "56"]
[EventDate "2007.07.22"]
[EventType "swiss"]
[EventRounds "9"]
[EventCountry "POL"]
[SourceTitle "CBM 119 Extra"]
[Source "ChessBase"]
[SourceDate "2007.09.04"]
[SourceVersion "1"]
[SourceVersionDate "2007.09.04"]
[SourceQuality "1"]

1. e4 e6 2. d4 d5 3. Nc3 Nf6 4. Bg5 Bb4 5. e5 h6 6. Bd2 Bxc3 7. bxc3 Ne4 8. Qg4 g6 9. Bd3 Nxd2 10. Kxd2 c5 11. Nf3 Nc6 12. Qf4 cxd4 13. cxd4 Qa5+ 14. c3 b6 15. Qf6 Rg8 16. a4 Ba6 17. Bxa6 Qxa6 18. Rhb1 Rc8 19. Rb5 Na5 20. Kc2 Rc4 21. Nd2 Rc6 22. Nb3 Qc8 23. Nxa5 Rxc3+ 24. Kd1 Rd3+ 25. Ke2 Qc2+ 26. Ke1 Qc3+ 27. Ke2 Rd2+ 28. Ke1 Ra2+ 0-1

[Event "POL-chT3 Pomorskie"]
[Site "Poland"]
[Date "2007.04.15"]
[Round "?"]
[White "Kirszenstein, Adam"]
[Black "Dombrowski, Bartosz"]
[Result "1-0"]
[WhiteElo "2137"]
[BlackElo "1942"]
[PlyCount "59"]
[EventDate "2007.03.25"]
[EventType "team-tourn"]
[EventRounds "10"]
[EventCountry "POL"]
[SourceTitle "EXT 2019"]
[Source "ChessBase"]
[SourceDate "2018.10.10"]
[SourceVersion "1"]
[SourceVersionDate "2018.10.10"]
[SourceQuality "1"]

1. e4 Nf6 2. e5 Nd5 3. d4 d6 4. c4 Nb6 5. exd6 cxd6 6. Nc3 g6 7. Bd3 Bg7 8. Nge2 Nc6 9. Be3 e5 10. d5 Nb4 11. b3 f5 12. f3 e4 13. fxe4 fxe4 14. Bxe4 0-0 15. a3 Na6 16. Qd2 Nd7 17. 0-0-0 Ndc5 18. Bc2 Bf5 19. Bd4 Qb6 20. Kb2 Rae8 21. Bxg7 Kxg7 22. Nd4 Bxc2 23. Qxc2 Rf4 24. Ncb5 Nc7 25. Nxc7 Qxc7 26. b4 Qb6 27. Ka2 Ne4 28. Nf3 Qf2 29. Qxf2 Nxf2 30. Rde1 1-0